| 000 | 01185nam a2200361 a 4500 | ||
|---|---|---|---|
| 001 | 000028776 | ||
| 003 | DO-SdBNP | ||
| 005 | 20180130102151.0 | ||
| 007 | 000028776 | ||
| 008 | 110412s2011 dr ac 000 p spa d | ||
| 020 | _a9789945429046 | ||
| 040 |
_aBPMSU _bspa _cBPMSU |
||
| 082 | 4 |
_aRD861.408 _bF996s |
|
| 245 | 0 | 1 |
_aEl futuro sonriendo nos espera : _bpoesía dominicana / _cJuan Antonio Alix...[et al.] ; selección y notas de José Enrique García |
| 250 | _a2a. ed | ||
| 260 |
_aSanto Domingo : _bSantillana, _c2011 |
||
| 300 |
_a210 p. : _bil., retrs. ; _c22 cm. |
||
| 490 | 1 | _aAlfaguara juvenil | |
| 504 | _aBibliografía : p. 207-210 | ||
| 650 | 4 |
_aPOESÍA JUEVENIL DOMINICANA _xCOLECCIONES |
|
| 650 | 4 | _aLITERATURA JUVENIL DOMINICANA | |
| 700 | 1 | 2 |
_aGarcía, José Enrique, _d1948- |
| 700 | 1 | 2 |
_aAlix, Juan Antonio, _d1833-1918 |
| 830 | 0 | _aAlfaguara juvenil | |
| 910 | _aValidado. Control de calidad EMS. | ||
| 930 | 1 |
_l _m _h _8 _f _p _g |
|
| 930 | 1 |
_l _m _h _8 _f _p _g _h |
|
| 942 |
_2ddc _cBK |
||
| 945 | _aInventariado juvenil dom / 2017 VM | ||
| 956 |
_a _b _c _l _h |
||
| 956 |
_aVMATEO _b10 _c20110413 _lBPMSU _h1410 |
||
| 956 |
_a _b _c _l _h |
||
| 999 |
_c7336 _d7336 |
||